Flags with Arabic Writing in them - Statistics

General Stats
  • This quiz has been taken 677 times
  • The average score is 5 of 8
Answer Stats
Hint Answer % Correct
Asia Saudi Arabia
95%
Asia Iraq
88%
Asia Iran
71%
Asia Afghanistan
67%
Africa Egypt
57%
Somalia Somaliland
45%
Asia Brunei
31%
Africa Eritrea
28%
No matching quizzes found
Score Distribution
Percent of People with Each Score
Percentile by Number Answered
Your Score History
You have not taken this quiz